16 Little Cartoon Character Pictograms Quiz Stats

 Plays Quiz Updated Feb 21, 2018

Score 0/16 Timer 06:00
24 Plays Today
Hint Answer % Correct
SpongeBob
97.5%
Pig-Pen
93.8%
Bugs Bunny
91.8%
Popeye
91.7%
Pink Panther
90.7%
Snoopy
88.9%
Charlie Brown
87.2%
Bambi
85.3%
Hint Answer % Correct
Porky Pig
83%
Thumper
76%
Atom Ant
74.2%
Plankton
71%
Space Ghost
70.1%
Foghorn Leghorn
66.6%
Wile E. Coyote
65.6%
Archer
60.2%

You're not logged in!

Compare scores with friends on all Sporcle quizzes.
OR
Log In

You Might Also Like...

Show Comments

Extras

Top Quizzes Today


Score Distribution

Your Account Isn't Verified!

In order to create a playlist on Sporcle, you need to verify the email address you used during registration. Go to your Sporcle Settings to finish the process.

Report this User

Report this user for behavior that violates our Community Guidelines.

Details: